Quiebras: el libro IV del Código de Comercio complementado con lo pertinente del Código de Procedimiento Civil

Збережено в:
Бібліографічні деталі
Автор: Quijada B., Aureliano (Автор)
Формат: Книга
Мова:Іспанська
Опубліковано: Santiago Guillermo E. Miranda 1903
Предмети:
Теги: Додати тег
Немає тегів, Будьте першим, хто поставить тег для цього запису!

MARC

LEADER 00000nam a2200000 a 4500
001 UCS1638
003 CL-VaPUC
008 970515e19030000CL |||||||||||||||||spa|d
082 0 4 |a 346.078  |b QUI  |2 21 
100 0 |a Quijada B., Aureliano  |e author  |9 386275 
245 1 0 |a Quiebras: el libro IV del Código de Comercio complementado con lo pertinente del Código de Procedimiento Civil 
300 |a 158 p 
942 |c BK 
945 |d 19970515 00:00:00  |a cmena 
260 |a Santiago  |b Guillermo E. Miranda  |c 1903 
650 7 |a DERECHO CHILENO  |2 CL-VaPUC  |9 386276 
650 0 |a Código de comercio   |9 329302 
650 0 |a Derecho comercial   |9 256340 
650 0 |a Quiebra  |9 255386 
650 7 |a LEGISLACION  |2 CL-VaPUC  |9 386277 
650 0 |a Jurisprudencia  |9 255952 
651 7 |a CHILE  |2 CL-VaPUC  |9 386278 
583 |a last modification  |c 19970515 00:00:00  |k Rodrigo Vera 
999 |c 259675  |d 259673 
952 |0 0  |1 0  |2 ddc  |4 0  |6 346_078000000000000_QUI_1903  |7 0  |8 X  |9 284898  |a BIBDER  |b BIBDER  |d 2019-11-19  |i 1854054  |o 346.078 QUI 1903  |p 1854054  |r 2023-01-25  |w 2019-11-19  |y BK  |k DER